[Event "Las Palmas"]
[Site "?"]
[Date "1996.??.??"]
[Round "?"]
[White "Topalov, Veselin"]
[Black "Ivanchuk, V."]
[Result "0-1"]
[WhiteElo "2750"]
[BlackElo "2730"]
[PlyCount "82"]
[EventDate "1996.??.??"]
[Source "ChessBase"]
[SourceDate "1996.10.01"]

1. e4 c6 2. d4 d5 3. Nd2 dxe4 4. Nxe4 Nd7 5. Ng5 Ngf6 6. Bd3 e6 7. N1f3 Bd6 8. Qe2 h6 9. Ne4 Nxe4 10. Qxe4 Nf6 11. Qe2 Qc7 12. Bd2 b6 13. O-O-O Bb7 14. Kb1 Rd8 15. Rhg1 c5 16. dxc5 Qxc5 17. a3 O-O 18. g4 Qd5 19. g5 Qxf3 20. gxf6 g6 21. Bxh6 Bxh2 22. Rh1 Qxe2 23. Bxe2 Rxd1+ 24. Rxd1 Rc8 25. f3 Bg3 26. Bg7 g5 27. Rd7 Bc6 28. Rxa7 Rd8 29. a4 Be5 30. a5 Rd2 31. Bc4 b5 32. Bb3 Bxf3 33. Re7 Rd6 34. Re8+ Kh7 35. Bf8 Rd1+ 36. Ka2 Bxf6 37. c4 Rd2 38. cxb5 g4 39. a6 g3 40. b6 g2 41. Bc5 Bxb2 0-1

[Event "Amsterdam"]
[Site "?"]
[Date "1988.??.??"]
[Round "?"]
[White "Kasparov, Garry"]
[Black "Karpov, A."]
[Result "1-0"]
[WhiteElo "2750"]
[BlackElo "2715"]
[PlyCount "125"]
[EventDate "1988.??.??"]
[Source "ChessBase"]
[SourceDate "1988.01.01"]

1. e4 c6 2. d4 d5 3. Nd2 dxe4 4. Nxe4 Nd7 5. Ng5 Ngf6 6. Bd3 e6 7. N1f3 Bd6 8. O-O h6 9. Ne4 Nxe4 10. Bxe4 O-O 11. c3 e5 12. Bc2 Re8 13. Re1 exd4 14. Rxe8+ Qxe8 15. Qxd4 Qe7 16. Bf4 Bxf4 17. Qxf4 Nf8 18. Re1 Be6 19. Nd4 Rd8 20. h4 Qc5 21. Re3 Qd6 22. Nxe6 fxe6 23. Qg4 Qd2 24. Bb3 Kh8 25. Re2 Qd6 26. g3 a6 27. Kg2 Re8 28. Re3 Re7 29. Rf3 Rd7 30. Qh5 Qe7 31. Qe5 Rd8 32. a4 b5 33. Qe4 Qc7 34. Rf4 c5 35. Qf3 Qd6 36. axb5 axb5 37. Rf7 Rb8 38. Ra7 b4 39. Bc2 bxc3 40. bxc3 Qe5 41. Rf7 Nh7 42. Qg4 Kg8 43. Re7 Nf8 44. Qf3 c4 45. Be4 Kh8 46. Bc6 Nh7 47. Qf7 Nf8 48. Re8 Rxe8 49. Bxe8 Nh7 50. Bd7 Nf6 51. Bxe6 h5 52. Bxc4 Qe4+ 53. Kh2 Kh7 54. Qe6 Qf3 55. Qe1 Ng4+ 56. Kg1 Qc6 57. Bd3+ g6 58. Qe7+ Kh6 59. Be4 Qb6 60. Qf8+ Kh7 61. Qf7+ Kh6 62. c4 Qa6 63. c5 1-0

[Event "Tilburg"]
[Site "?"]
[Date "1996.??.??"]
[Round "?"]
[White "Svidler, P."]
[Black "Karpov, Anatoly"]
[Result "1/2-1/2"]
[WhiteElo "2650"]
[BlackElo "2775"]
[PlyCount "54"]
[EventDate "1996.??.??"]
[Source "ChessBase"]
[SourceDate "1996.10.01"]

1. e4 c6 2. d4 d5 3. Nc3 dxe4 4. Nxe4 Nd7 5. Bc4 Ngf6 6. Ng5 e6 7. Qe2 Nb6 8. Bd3 h6 9. N5f3 c5 10. Be3 Qc7 11. Ne5 Bd6 12. Ngf3 Nbd5 13. Bb5+ Ke7 14. O-O a6 15. Bd3 b5 16. c3 Bb7 17. Bd2 cxd4 18. cxd4 Rhc8 19. Rfc1 Qb6 20. Re1 Bb4 21. a4 Bxd2 22. Qxd2 Kf8 23. Bf1 Rab8 24. axb5 axb5 25. Qd3 Ne7 26. Qa3 b4 27. Qb3 Bd5 1/2-1/2

[Event "Zwolle (m/1)"]
[Site "?"]
[Date "1993.??.??"]
[Round "?"]
[White "Timman, J."]
[Black "Karpov, An"]
[Result "0-1"]
[WhiteElo "2620"]
[BlackElo "2760"]
[PlyCount "112"]
[EventDate "1993.??.??"]
[Source "ChessBase"]
[SourceDate "1993.10.01"]

1. e4 c6 2. d4 d5 3. Nc3 dxe4 4. Nxe4 Nd7 5. Bc4 Ngf6 6. Ng5 e6 7. Qe2 Nb6 8. Bd3 h6 9. N5f3 c5 10. dxc5 Bxc5 11. Ne5 Nbd7 12. Ngf3 Qc7 13. Bf4 Bb4+ 14. Nd2 Bxd2+ 15. Kxd2 O-O 16. Rhd1 Qb6 17. Nc4 Qc6 18. Qf3 Nd5 19. g3 Nc5 20. Bxh6 gxh6 21. Qg4+ Kh8 22. Ne5 Qa4 23. Qh5 Kg7 24. Ng4 Rh8 25. Ne5 Rf8 26. Ng4 Rh8 27. Ne5 Qe8 28. Qg4+ Kf8 29. Qd4 Nxd3 30. Ng6+ fxg6 31. Qxh8+ Ke7 32. Qxe8+ Kxe8 33. Kxd3 b5 34. Re1 Ke7 35. Re5 g5 36. Rae1 Kf6 37. R5e4 Bd7 38. h4 Rf8 39. c3 a5 40. Kd4 Rc8 41. f3 a4 42. Rc1 Ne7 43. Kd3 e5 44. Ke2 Be6 45. Kf2 Bxa2 46. Rce1 Rc5 47. hxg5+ hxg5 48. f4 Ng6 49. fxe5+ Nxe5 50. Rd4 Rd5 51. Rxd5 Bxd5 52. Ke3 Bc4 53. Rd1 Kf5 54. Rd4 Nd3 55. g4+ Ke5 56. Re4+ Kf6 0-1

[Event "Amsterdam (m/7)"]
[Site "?"]
[Date "1993.??.??"]
[Round "?"]
[White "Timman, J."]
[Black "Karpov, An"]
[Result "1/2-1/2"]
[WhiteElo "2620"]
[BlackElo "2760"]
[PlyCount "41"]
[EventDate "1993.??.??"]
[Source "ChessBase"]
[SourceDate "1993.10.01"]

1. e4 c6 2. d4 d5 3. Nc3 dxe4 4. Nxe4 Nd7 5. Bc4 Ngf6 6. Ng5 e6 7. Qe2 Nb6 8. Bd3 h6 9. N5f3 c5 10. dxc5 Bxc5 11. Ne5 Nbd7 12. Ngf3 Qc7 13. Bf4 Bb4+ 14. Nd2 Bxd2+ 15. Kxd2 O-O 16. Rhd1 Nc5 17. Ke1 Nd5 18. Bg3 Nxd3+ 19. Rxd3 b5 20. c3 Qb7 21. Rad1 1/2-1/2

[Event "Interpolis"]
[Site "Interpolis"]
[Date "1991.??.??"]
[Round "?"]
[White "Kamsky, Gata"]
[Black "Karpov, Anatoly"]
[Result "1/2-1/2"]
[WhiteElo "2640"]
[BlackElo "2725"]
[PlyCount "94"]
[EventDate "1991.??.??"]
[Source "www.chesslib.no"]
[SourceDate "2004.05.04"]

1. e4 c6 2. d4 d5 3. Nc3 dxe4 4. Nxe4 Nd7 5. Ng5 Ngf6 6. Bd3 e6 7. N1f3 Bd6 8. c3 h6 9. Ne4 Nxe4 10. Bxe4 O-O 11. O-O c5 12. Bc2 Qc7 13. Re1 Rd8 14. h3 Nf6 15. Qe2 cxd4 16. Nxd4 Bh2+ 17. Kh1 Bf4 18. Nb5 Qb8 19. a4 Bd7 20. Bxf4 Qxf4 21. Nd4 Bc6 22. Rad1 Bd5 23. Qe3 Qc7 24. Kg1 a6 25. f4 b5 26. axb5 axb5 27. f5 exf5 28. Nxf5 Bc4 29. Rxd8+ Rxd8 30. Qf2 Re8 31. Rxe8+ Nxe8 32. Qd4 Be6 33. Qe4 Qc5+ 34. Nd4 Bd7 35. Bd3 Kf8 36. Kf2 Nc7 37. Qb7 g6 38. Ke2 h5 39. Kd2 Kg7 40. b4 Qe5 41. Qe4 Qxe4 42. Bxe4 Kf6 43. Kd3 Ne6 44. Nxe6 Kxe6 45. Kd4 Kd6 46. c4 bxc4 47. Kxc4 f5 1/2-1/2

[Event "Tilburg"]
[Site "?"]
[Date "1993.??.??"]
[Round "?"]
[White "Ivanchuk, V."]
[Black "Epishin, V."]
[Result "1-0"]
[WhiteElo "2705"]
[BlackElo "2655"]
[PlyCount "75"]
[EventDate "1993.??.??"]
[Source "ChessBase"]
[SourceDate "1993.10.01"]

1. e4 c6 2. d4 d5 3. Nc3 dxe4 4. Nxe4 Nd7 5. Bc4 Ngf6 6. Ng5 e6 7. Qe2 Nb6 8. Bb3 h6 9. N5f3 a5 10. a4 c5 11. Be3 Qc7 12. Ne5 Bd6 13. Ngf3 O-O 14. O-O Rd8 15. c3 Bd7 16. dxc5 Bxc5 17. Bxc5 Qxc5 18. Nd4 Be8 19. Kh1 Nbd5 20. f4 Nxc3 21. bxc3 Qxc3 22. Nxe6 fxe6 23. Bxe6+ Kh8 24. Rac1 Qa3 25. Qc2 Rd4 26. Qf5 Qxa4 27. Bf7 Bxf7 28. Nxf7+ Kg8 29. Nxh6+ Kh8 30. Nf7+ Kg8 31. Ne5 Qe8 32. Rc7 a4 33. Qg5 Nd7 34. Ng6 Qe2 35. Rg1 Re8 36. Ne5 a3 37. Nxd7 Qe7 38. Qb5 1-0

[Event "Linares (m/5)"]
[Site "?"]
[Date "1987.??.??"]
[Round "?"]
[White "Sokolov, A."]
[Black "Karpov, A."]
[Result "1/2-1/2"]
[WhiteElo "2645"]
[BlackElo "2710"]
[PlyCount "75"]
[EventDate "1987.??.??"]
[Source "ChessBase"]
[SourceDate "1987.01.01"]

1. e4 c6 2. d4 d5 3. Nd2 dxe4 4. Nxe4 Nd7 5. Nf3 Ngf6 6. Nxf6+ Nxf6 7. Ne5 Nd7 8. Be3 Nxe5 9. dxe5 Bf5 10. Qxd8+ Rxd8 11. Bxa7 Bxc2 12. Bb6 Ra8 13. Bc4 e6 14. f3 Ra4 15. b3 Bb4+ 16. Ke2 Ra3 17. Bd4 O-O 18. Bb2 Raa8 19. a3 Be7 20. Rhc1 Bg6 21. Rd1 Rfb8 22. b4 Kf8 23. Bb3 Ke8 24. Rd4 b5 25. Rdd1 Rc8 26. Rdc1 c5 27. bxc5 Rxc5 28. Rxc5 Bxc5 29. a4 bxa4 30. Bxa4+ Kf8 31. Bc3 h5 32. Bc6 Rxa1 33. Bxa1 Bg1 34. h3 Bh2 35. Ke3 Bc2 36. f4 Bg1+ 37. Ke2 Bb3 38. Bc3 1/2-1/2

[Event "ESP"]
[Site "ESP"]
[Date "1987.??.??"]
[Round "?"]
[White "Sokolov, Andrei Y"]
[Black "Karpov, Anatoly"]
[Result "1/2-1/2"]
[WhiteElo "2645"]
[BlackElo "2710"]
[PlyCount "43"]
[EventDate "1987.??.??"]
[Source "www.chesslib.no"]
[SourceDate "2004.05.04"]

1. e4 c6 2. d4 d5 3. Nd2 dxe4 4. Nxe4 Nd7 5. Nf3 Ngf6 6. Nxf6+ Nxf6 7. Ne5 Be6 8. Be2 g6 9. O-O Bg7 10. c4 O-O 11. Be3 Ne4 12. Qc2 Nd6 13. b3 c5 14. Rad1 Nf5 15. d5 Bxe5 16. dxe6 Qc7 17. exf7+ Rxf7 18. g3 Raf8 19. Bg4 Nxe3 20. fxe3 Rxf1+ 21. Rxf1 Rxf1+ 22. Kxf1 1/2-1/2